00801nmc a2200265 a 4500003000900000005001700009008004100026020001800067040001300085100002100098245005200119260004200171300001900213490001600232504005300248650002600301650003500327650001900362650001700381650003100398653002200429653003600451653002100487653002700508AR-BaBNM20251128210918.0051020s2001 ||||||||||||||000 | spa|| a950-808-303-4 cAR-BaBNM1 aPereyra, Beatriz10aLa enseñanza de la lengua en el nivel inicial aRosariobHomo Sapiens Edicionesc20010 a161 p.btablas 0aEducación aContiene referencias bibliográficas p. 159-161 4aFORMACION DE DOCENTES 4aPERFIL PROFESIONAL DEL DOCENTE 4aALFABETIZACION 4aCOMPETENCIAS 4aACTIVIDADES DE APRENDIZAJE aEDUCACION INICIAL aINSTITUTOS DE FORMACION DOCENTE aCAMBIO EDUCATIVO aENSENANZA DE LA LENGUA